Philippians : (Record no. 5478)

MARC details
000 -LEADER
fixed length control field 00706nam a2200253Ia 4500
001 - CONTROL NUMBER
control field 20962
003 - CONTROL NUMBER IDENTIFIER
control field GBCCL
005 - DATE AND TIME OF LATEST TRANSACTION
control field 20241126110543.0
008 - FIXED-LENGTH DATA ELEMENTS--GENERAL INFORMATION
fixed length control field 841015s1963 ilu 000 0 eng d
020 ## - INTERNATIONAL STANDARD BOOK NUMBER
International Standard Book Number 0802465064
035 ## - SYSTEM CONTROL NUMBER
System control number (OCoLC)11266687
040 ## - CATALOGING SOURCE
Original cataloging agency MSB
Transcribing agency MSB
049 ## -
-- LBBK
082 ## - DEWEY DECIMAL CLASSIFICATION NUMBER
Classification number 225.07
Item number TEA
092 ## - LOCALLY ASSIGNED DEWEY CALL NUMBER (OCLC)
Classification number 227.6
Item number B873
100 1# - MAIN ENTRY--PERSONAL NAME
Personal name Brooks, Keith L.
9 (RLIN) 9294
245 10 - TITLE STATEMENT
Title Philippians :
Remainder of title the epistle of Christian joy /
Statement of responsibility, etc. Keith L. Brooks.
260 ## - PUBLICATION, DISTRIBUTION, ETC.
Place of publication, distribution, etc. Chicago:
Name of publisher, distributor, etc. Moody Press,
Date of publication, distribution, etc. 1963.
300 ## - PHYSICAL DESCRIPTION
Extent 48 p. ;
Dimensions 22 cm.
440 #0 - SERIES STATEMENT/ADDED ENTRY--TITLE
Title Teach yourself the Bible series.
9 (RLIN) 9295
500 ## - GENERAL NOTE
General note Cover title.
630 00 - SUBJECT ADDED ENTRY--UNIFORM TITLE
Uniform title Bible.
Name of part/section of a work N.T.
-- Philippians
General subdivision Study and teaching.
9 (RLIN) 9864
942 ## - ADDED ENTRY ELEMENTS (KOHA)
Source of classification or shelving scheme Dewey Decimal Classification
Koha item type Books
Holdings
Withdrawn status Lost status Source of classification or shelving scheme Damaged status Not for loan Home library Current Library Shelving location Date acquired Total checkouts Full call number Barcode Date last seen Copy number Price effective from Koha item type
    Dewey Decimal Classification     GRACE BIBLE COLLEGE GRACE BIBLE COLLEGE Biblical Studies 2018-03-22   225.07 TEA 005848 2025-05-01 c.2 2018-03-22 Books
    Dewey Decimal Classification     GRACE BIBLE COLLEGE GRACE BIBLE COLLEGE Biblical Studies 2018-07-24   225.07 TEA 003475 2025-05-01 c.1 2018-07-24 Books
© Grace Bible College Library 2025